000 00344nam a2200145 a 4500
008 021126s1967||||xx 0 und c
040 _aSNK
_bslo
_cSNK
_eAACR2
100 1 _aMarx, Karol
245 1 0 _aManifest komunistickej strany
260 _aBratislava
_bSVPL
_c1967
300 _a47 s.
020 _c2,50
041 _aslo
044 _axo
_cSK
999 _c15526
_d15526